| 000 | 00796nam a22002177a 4500 | ||
|---|---|---|---|
| 008 | 090306t xxu||||| |||| 00| 0 eng d | ||
| 010 | _aENG-93134 | ||
| 020 |
_c150.00 _a8188649120 |
||
| 035 | _aEN-76667 | ||
| 037 | _bDBAD / PUB | ||
| 040 |
_adpl _bEnglish |
||
| 082 | _a005.133 | ||
| 100 | _aArulselvam, T. | ||
| 245 |
_aJava programming / _cby T. Arulselvam |
||
| 260 |
_aMelmaruvathur _bRaamalingaa Publications _c2008 |
||
| 270 |
_aP.B. No.1, _bMelmaruvathur _e603319 |
||
| 300 |
_a283p. _c20cm (pbk) |
||
| 650 | _aJava (Computer program language) | ||
| 942 |
_2ddc _cEN _mARU _h005.133 |
||
| 999 |
_c24967 _d24967 |
||